Music Quiz

Random Music or Bands Quiz
Score 0/20 Timer 04:00
5 Plays Today
% Correct
BEE Gees
94.9%
Dixie CHICKS
89.2%
Counting CROWS
88.7%
Hootie & the BLOWFISH
85.5%
Alien ANT Farm
85.4%
A Flock of SEAGULLS
85.3%
Blue ÖYSTER Cult
84.4%
Three DOG Night
78.2%
TOAD the Wet Sprocket
74.4%
Papa ROACH
72.4%
% Correct
BUFFALO Springfield
71.6%
Arctic MONKEYS
68.5%
Fleet FOXES
67.2%
Noah and the WHALE
66.8%
OWL City
62.8%
EAGLES of Death Metal
59.2%
Iron BUTTERFLY
58.2%
Atomic KITTEN
58.1%
SKUNK Anansie
56.2%
Them Crooked VULTURES
52.6%
Come Together.
Have Fun.
All Virtual.
We all need to come together. Play Sporcle's virtual live trivia to have fun, connect with people, and get your trivia on. Join a live hosted trivia game for your favorite pub trivia experience done virtually. If a virtual private party is more your thing, go here for details.

You're not logged in!

Compare scores with friends on all Sporcle quizzes.
OR
Log In

Sporcle TV

Today on Sporcle TV


Watch our educational content, quiz creation guides, and fun videos on Sporcle TV.

Show Comments

Extras

Top Quizzes Today


Score Distribution

Paid Content

Your Account Isn't Verified!

In order to create a playlist on Sporcle, you need to verify the email address you used during registration. Go to your Sporcle Settings to finish the process.

Report this User

Report this user for behavior that violates our Community Guidelines.

Details: